000 00650nam a22001337a 4500
040 _cRUA
082 _aLMA HON 2010 B302 Or.1
100 _aHONG CHENDA ; ហុង ចិន្ដា
245 _aStudy on cadastral record conservation policy framework in cambodia, សិក្សាពីក្របខណ្ឌគោលនយោបាយស្ដីពីការអភិរក្សឯកសារសុរិយោោដីនៅកម្ពុជា
260 _aPnhom Penh
_bRUA
_c2010
300 _axiii ; 63p.
_bill.
_c29cm.
856 _uhttps://drive.google.com/file/d/1nJMFSYJtpY49xktYfBtOjo-EmwkBTQ0R/view?usp=sharing
942 _cLMA
999 _c5542
_d5542